Statistics for European Capitals Ending In Same Letter As Their Country

Click here to take the quiz!

General Stats

  • This quiz has been taken 68 times
  • The average score is 9 of 12

Answer Stats

Answer% Correct
San Marino
93%
Monaco
87%
Riga
83%
Tirana
81%
Sofia
80%
Vienna
80%
Andorra La Vella
78%
Bratislava
76%
Vatican City
76%
Ljubljana
72%
Valletta
63%
Luxembourg
43%

Score Distribution

Percentile by Number Answered

Percent of People with Each Score

Your Score History

You have not taken this quiz